| 000 | 00749nam a2200241Ia 4500 | ||
|---|---|---|---|
| 008 | 180523s9999 xx 000 0 und d | ||
| 020 | _a1-4039-1263-7 | ||
| 050 | _aMAIN PR 6039.O32 | ||
| 050 | _b.R67 2003 | ||
| 100 | _aRosebury, Brian. | ||
| 245 | 0 | _aTolkien : | |
| 245 | 2 | _ba cultural phenomenon / | |
| 245 | 0 | _cBrian Rosebury. | |
| 260 | _aGreat Britain : | ||
| 260 | _bPalgrave Macmillan, | ||
| 260 | _c2003 | ||
| 300 | _a246 pages : | ||
| 300 | _c21 cm. | ||
| 500 | _aIncludes bibliographical references and index. | ||
| 650 | _aMiddle Earth (Imaginary place). | ||
| 650 | _aTolkien, J. R. R. (John Ronald Reuel), 1892-1973 -- Cristicism and interpretation. | ||
| 650 | _xFantasy literature, English -- History and criticism | ||
| 999 |
_c357407 _d357407 |
||